000 00535nam a22001817a 4500
005 20250716161437.0
008 250716b |||||||| |||| 00| 0 eng d
020 _a978-0-13-798478-7
050 _aQA76.9 .A25 E27 2023
100 _aEASTTOM, CHUCK,
245 _aCOMPUTER SECURITY FUNDAMENTALS
250 _a5
260 _aHOBOKEN, NJ
_bPEARSON EDUCATION INC.,
_c2023
300 _aXXIX, 548P.:ILL
500 _aINCLUDES INDEX
650 _a1. COMPUTER SECURITY 2. COMPUTER NETWORKS--SECURITY MEASURES
942 _2lcc
_cBK
999 _c215909
_d215909